Vikha Vikhyath (Record no. 137340)
[ view plain ]
| 000 -LEADER | |
|---|---|
| fixed length control field | 00425nam a22001577a 4500 |
| 003 - CONTROL NUMBER IDENTIFIER | |
| control field | OSt |
| 005 - DATE AND TIME OF LATEST TRANSACTION | |
| control field | 20250731135707.0 |
| 008 - FIXED-LENGTH DATA ELEMENTS--GENERAL INFORMATION | |
| fixed length control field | 250731b |||||||| |||| 00| 0 eng d |
| 040 ## - CATALOGING SOURCE | |
| Transcribing agency | SBCL |
| 082 ## - DEWEY DECIMAL CLASSIFICATION NUMBER | |
| Classification number | 891.431 |
| Item number | MAL-V |
| 100 ## - MAIN ENTRY--PERSONAL NAME | |
| Personal name | Malav,Ghargan |
| 245 ## - TITLE STATEMENT | |
| Title | Vikha Vikhyath |
| 300 ## - PHYSICAL DESCRIPTION | |
| Extent | 63p. |
| 650 ## - SUBJECT ADDED ENTRY--TOPICAL TERM | |
| Topical term or geographic name entry element | Literatures of other languages |
| 942 ## - ADDED ENTRY ELEMENTS (KOHA) | |
| Koha item type | BOOK |
| 650 ## - SUBJECT ADDED ENTRY--TOPICAL TERM | |
| Source of heading or term | Literature & rhetoric |
| Form subdivision | East Indo-European & Celtic literatures |
| Withdrawn status | Lost status | Source of classification or shelving scheme | Damaged status | Not for loan | Home library | Current library | Date acquired | Total Checkouts | Full call number | Barcode | Shelving location | Date last seen | Cost, replacement price | Price effective from | Koha item type |
|---|---|---|---|---|---|---|---|---|---|---|---|---|---|---|---|
| Dewey Decimal Classification | SB LIBRARY | SB LIBRARY | 31/07/2025 | 891.431 MAL-V | 00105601 | GENERAL STACK | 31/07/2025 | 50.00 | 31/07/2025 | BOOK |